| 000 | 00728nam a2200193 a 4500 | ||
|---|---|---|---|
| 003 | 0 | ||
| 005 | 20250207143408.0 | ||
| 008 | 130824s19uu xx 00 eng d | ||
| 050 |
_aPHS BF 575 _b.Sh556 2013 |
||
| 100 | _aShin, HeeJae | ||
| 245 |
_aRelationship of self-trust and trust towards other people among grade 11 students of S.I.S.C. / _cShin, HeeJae. |
||
| 260 |
_aLas PiƱas City, Philippines : _bSouthville International School and Colleges, _c2013. |
||
| 300 |
_a27 pages : _billustrations ; _c28 cm. |
||
| 504 | _aIncludes bibliographical references. | ||
| 650 | _aTrust (Psychology). | ||
| 650 |
_aInterpersonal trust _vPsychological aspects. |
||
| 650 |
_aSelf-concept _vPsychological aspects. |
||
| 942 |
_2lcc _cPASS |
||
| 999 |
_c98959 _d98959 |
||